000 00536nam a2200145 4500
008 230619b |||||||| |||| 00| 0 eng d
020 _a9780241491515
050 _aE 908 .O23 2020
100 _aObama, Barrack
245 _aA promised land/
_cBarack Obama
260 _aUK:
_bViking,
_c2020.
300 _axvi, 751 pages, 32 unnumbered pages of plates :
_b illustrations (chiefly colour), portraits (chiefly colour) ;
_c25 cm
650 _a Non-fiction
_2Obama Barack Hussein II
942 _2lcc
_hE 908 .O23 2020
_cBOOKS
999 _c31610
_d31610